The political economy of information on development, democracy and security in Southern Africa (Record no. 82029)

MARC details
000 -LEADER
fixed length control field 01975nam a2200313 a 4500
003 - CONTROL NUMBER IDENTIFIER
control field CBULib
005 - DATE AND TIME OF LATEST TRANSACTION
control field 20250818081511.0
008 - FIXED-LENGTH DATA ELEMENTS--GENERAL INFORMATION
fixed length control field 120416s1996 ||||||||||||||||| || u
020 ## - INTERNATIONAL STANDARD BOOK NUMBER
International Standard Book Number 1779050437
040 ## - CATALOGING SOURCE
Language of cataloging English
Transcribing agency CBULib
Description conventions rda
050 ## - LIBRARY OF CONGRESS CALL NUMBER
Classification number Z 674.5.A39 Pol
100 ## - MAIN ENTRY--PERSONAL NAME
Personal name Lundu, Maurice Chimfwembe
9 (RLIN) 4752
245 14 - TITLE STATEMENT
Title The political economy of information on development, democracy and security in Southern Africa
Statement of responsibility, etc / edited by Maurice Lundu
260 ## - PUBLICATION, DISTRIBUTION, ETC. (IMPRINT)
Place of publication, distribution, etc Harare :
Name of publisher, distributor, etc SAPES,
Date of publication, distribution, etc 1996
300 ## - PHYSICAL DESCRIPTION
Extent xvii, 179 pages : illustrations
336 ## - CONTENT TYPE
Source rdacontent
Content type term Text |
Content type code txt
337 ## - MEDIA TYPE
Source rdamedia
Media type term Unmediated |
Media type code n
338 ## - CARRIER TYPE
Source rdacarrier
Carrier type term Volume
Carrier type code nc
500 ## - GENERAL NOTE
General note SUMMARY: This book addresses the role of information in a constantly changing world, with contributors taking a close look at want information means in the context of our environment which is being influenced by problems brought about by development, democracy and security in Southern Africa. It argues that most of the glaring shortcomings of the overall information infrastructure are not on the transmission side as conventionally believed, but are more on the generation, ownership, reception and use of the information received. The contributors urge a sustained research in the information sector in its broadened sense which requires continued commitment from government, public and private institutions, non,-governmental organisations, donors and above all an indigenous crop of researchers familiar with the Southern Africa sub-region. This is a book which sets the stage for further collaborative research in the information sector. FROM BOOK COVER
650 #0 - SUBJECT ADDED ENTRY--TOPICAL TERM
9 (RLIN) 4753
Topical term or geographic name as entry element INFORMATION SERVICES
Geographic subdivision SOUTHERN AFRICA
650 #0 - SUBJECT ADDED ENTRY--TOPICAL TERM
9 (RLIN) 4754
Topical term or geographic name as entry element INFORMATION
650 #0 - SUBJECT ADDED ENTRY--TOPICAL TERM
9 (RLIN) 4755
Topical term or geographic name as entry element CULTURAL EQUITY
650 #0 - SUBJECT ADDED ENTRY--TOPICAL TERM
9 (RLIN) 4756
Topical term or geographic name as entry element SOCIAL EQUITY
650 #0 - SUBJECT ADDED ENTRY--TOPICAL TERM
9 (RLIN) 4757
Topical term or geographic name as entry element ECONOMIC EQUITY
650 #0 - SUBJECT ADDED ENTRY--TOPICAL TERM
9 (RLIN) 2463
Topical term or geographic name as entry element FOOD SECURITY--AFRICA, SOUTHERN
650 #0 - SUBJECT ADDED ENTRY--TOPICAL TERM
9 (RLIN) 824
Topical term or geographic name as entry element DEMOCRACY
650 #0 - SUBJECT ADDED ENTRY--TOPICAL TERM
9 (RLIN) 1445
Topical term or geographic name as entry element DEVELOPMENT
942 ## - ADDED ENTRY ELEMENTS (KOHA)
Source of classification or shelving scheme
Koha item type ZAMBIANA COLLECTION
Holdings
Withdrawn status Lost status Source of classification or shelving scheme Damaged status Not for loan Permanent Location Current Location Shelving location Date acquired Total Checkouts Full call number Barcode Date last seen Copy number Price effective from Koha item type Date checked out
          CBU-MAIN LIBRARY, KITWE. CBU-MAIN LIBRARY, KITWE.   09/12/2023   ZAM Z 674.5.A39 Pol 019159 09/12/2023 1 09/12/2023 SPECIAL COLLECTION  
          CBU-MAIN LIBRARY, KITWE. CBU-MAIN LIBRARY, KITWE.   09/12/2023   Z 674.5.A39 Pol 020218 09/12/2023 2 09/12/2023 MONOGRAPH  
          CBU-MAIN LIBRARY, KITWE. CBU-MAIN LIBRARY, KITWE.   09/12/2023   Z 674.5.A39 Pol 020217 09/12/2023 3 09/12/2023 MONOGRAPH  
          CBU-MAIN LIBRARY, KITWE. CBU-MAIN LIBRARY, KITWE.   09/12/2023 1 ZAM Z 674.5.A39 Pol 020219 08/18/2025 4 09/12/2023 SPECIAL COLLECTION 08/13/2025